Classical Mechanics (Record no. 3612)

MARC details
000 -LEADER
fixed length control field 00566nam a22002177a 4500
003 - CONTROL NUMBER IDENTIFIER
control field OSt
005 - DATE AND TIME OF LATEST TRANSACTION
control field 20200124162839.0
008 - FIXED-LENGTH DATA ELEMENTS--GENERAL INFORMATION
fixed length control field 160419b xxu||||| |||| 00| 0 eng d
020 ## - INTERNATIONAL STANDARD BOOK NUMBER
International Standard Book Number 10: 8131758915
020 ## - INTERNATIONAL STANDARD BOOK NUMBER
International Standard Book Number 9788131758915
040 ## - CATALOGING SOURCE
Transcribing agency 040a
082 ## - DEWEY DECIMAL CLASSIFICATION NUMBER
Classification number 531 GOL 2011
100 ## - MAIN ENTRY--PERSONAL NAME
Personal name Goldstein, Herbert; Poole, Charles P.; Safko, John
9 (RLIN) 5127
245 ## - TITLE STATEMENT
Title Classical Mechanics
250 ## - EDITION STATEMENT
Edition statement 3rd.ed
260 ## - PUBLICATION, DISTRIBUTION, ETC. (IMPRINT)
Place of publication, distribution, etc. Pearson
Name of publisher, distributor, etc. Chennai
Date of publication, distribution, etc. 2011
300 ## - PHYSICAL DESCRIPTION
Extent xviii,646p;
Other physical details ill :
Dimensions 12 cm.
504 ## - BIBLIOGRAPHY, ETC. NOTE
Bibliography, etc Includes index
650 ## - SUBJECT ADDED ENTRY--TOPICAL TERM
Topical term or geographic name as entry element Mechanics
9 (RLIN) 819
942 ## - ADDED ENTRY ELEMENTS (KOHA)
Source of classification or shelving scheme Dewey Decimal Classification
Koha item type Short Loan
Holdings
Withdrawn status Lost status Source of classification or shelving scheme Damaged status Not for loan Home library Current library Date acquired Source of acquisition Inventory number Total Checkouts Full call number Barcode Date last seen Koha item type
    Dewey Decimal Classification     MUST Main Library MUST Main Library 19/04/2016 Purchase 12/36561   531 GOL 2011 2016-0992 19/04/2016 Short Loan
    Dewey Decimal Classification     MUST Main Library MUST Main Library 19/04/2016 Purchase 12/36563   531 GOL 2011 2016-0993 19/04/2016 Short Loan
    Dewey Decimal Classification     MUST Main Library MUST Main Library 19/04/2016 Purchase 12/36560   531 GOL 2011 2016-0994 19/04/2016 Short Loan
    Dewey Decimal Classification     MUST Main Library MUST Main Library 19/04/2016 Purchase 12/36562   531 GOL 2011 2016-0995 19/04/2016 Short Loan
    Dewey Decimal Classification     MUST Main Library MUST Main Library 24/01/2020 Purchase 12/36559   531 GOL 2011 2020-0135 24/01/2020 Open Shelf